000 01145nam a22002297a 4500
005 2010072907447.0
010 _aHIN-89765
020 _a9788121614870
_c135.00
035 _aHN-62111
037 _bDBAD / PUB
082 _a
100 _aजैन, सुनीता
_92293
245 _aसुनीता जैन की यादगारी कहानियां /
_cजैन, सुनीता; तेजपाल सिंह धामा द्वारा संपादित
246 _aSunita Jain ki yaadgari Kahaniyan
_bby Sunita Jain
260 _aनई दिल्ली
_bहिन्द पॉकेट बुक्स
_c2010
270 _aजे-40, जोरबाग लेन
_bनई दिल्ली
_e110003
300 _a208पृ
_c18सेमी (अजिल्द)
650 _aलघु कथाएँ, हिन्दी
_91169
700 _92266
_aधामा, तेजपाल सिंह
942 _2ddc
_cHN
_h
_mजैनसु
999 _c38143
_d38143